The Kenyon review

Bibliographic Details
Corporate Author: Kenyon College
Other Authors: Ransom, John Crowe, 1888-1974
Format: Electronic Journal
Language:English
Published: Gambier, Ohio : Kenyon College, 1939-
Subjects:
Online Access:Full text available from Research Library: 01/01/1991 to 10/31/2012

MARC

LEADER 00000nas a2200000 a 4500
001 ssj0001394
003 WaSeSS
005 20200512172242.0
006 m d
007 cr n
008 011015c19399999ohubr p s o 0 a0eng c
010 |a  2008236282 
022 |a 2327-8307  |l 0163-075X  |y 0163-075X 
035 |a (WaSeSS)ssj0001394 
040 |a BUF  |b eng  |c BUF  |d OCLCQ  |d BUF  |d OCLCG  |d EYM  |d HUL  |d BOS  |d WEA  |d OCLCQ  |d DLC  |d OCLCE  |d AUD  |d FJM  |d CO3  |d OCLCF  |d OCLCQ  |d OCLCO  |d OCLCQ  |d OCL  |d GILDS  |d OCLCO  |d VT2  |d UUM  |d OCLCO  |d HUL  |d DLC  |d CUS  |d OCLCO  |d WaSeSS 
042 |a pcc  |a nsdp 
050 1 4 |a AP2 
082 0 0 |a 051  |2 23 
222 4 |a The Kenyon review  |b (Online) 
245 0 4 |a The Kenyon review  |h [electronic resource]. 
260 |a Gambier, Ohio :  |b Kenyon College,  |c 1939- 
310 |a Six issues a year,  |b <2015-> 
321 |a Quarterly,  |b <-2014> 
362 1 |a Began with vol. 1, no. 1 (winter 1939); original ser; ceased with vol. 32, no. 1 (1970); new ser. began with vol. 1, no. 1 (winter 1979). 
500 |a Editor: winter 1939-<autumn 1941> J.C. Ransom. 
506 |a License restrictions may limit access. 
515 |a Suspended 1970-1978. 
538 |a Mode of access: World Wide Web. 
588 |a Description based on: Vol. 1, no. 1 (winter 1939); title from cover (JSTOR, viewed July 28, 2008). 
588 |a Latest issue consulted: New ser., Vol. 31, No. 4 (fall 2009) (JSTOR website, viewed Apr. 02, 2013). 
648 7 |a 1900-1999  |2 fast 
650 0 |a Literature, Modern  |y 20th century  |v Periodicals. 
650 7 |a Literature, Modern.  |2 fast  |0 (OCoLC)fst01000172 
650 1 7 |a Literatuurwetenschap.  |2 gtt 
655 0 |a Electronic journals. 
700 1 |a Ransom, John Crowe,  |d 1888-1974. 
710 2 |a Kenyon College. 
776 0 8 |i Print version:  |t Kenyon review  |x 0163-075X  |w (DLC) 42051147  |w (OCoLC)1782352 
856 4 0 |z Full text available from Research Library: 01/01/1991 to 10/31/2012  |u https://search.proquest.com/publication/48412